| 000 | 00590nam a2200169 a 4500 | ||
|---|---|---|---|
| 001 | 000033130 | ||
| 005 | 20200930070040.0 | ||
| 008 | 110817s1912 dr 000 0 spa d | ||
| 040 |
_aDO-SdBNP _bspa _cBNPHU |
||
| 041 | 1 | 7 |
_aspa _heng |
| 110 | 2 |
_aDominican Republic _bDepartment of State of Foreign Ralation _958793 |
|
| 245 | 1 | 0 |
_aGeological formation : _bagricultural. |
| 246 | 1 | 3 | _aState department circulars, 1312-1314 |
| 260 |
_aSanto Domingo, República Dominicana : _bDepartment of State of Foreign Ralation, _c1912. |
||
| 300 |
_a[13] p. : ; _c18 cm. |
||
| 590 | _aInventariado, 2019/VM | ||
| 999 |
_c32621 _d32621 |
||